Tiempos modernos y argentina hasta 1832 /
Guardado en:
| Autor Principal: | |
|---|---|
| Formato: | Libro |
| Publicado: |
Buenos Aires :
Cesarini,
1983
|
| Edición: | 4a. ed. |
| Materias: | |
| Etiquetas: |
Agregar Etiqueta
Sin Etiquetas, Sea el primero en etiquetar este registro!
|
| LEADER | 01709nam a22003375a 4500 | ||
|---|---|---|---|
| 001 | CEM.cems002355 | ||
| 008 | 130507s1983##################000#0#####d | ||
| 005 | 20210823202544.0 | ||
| 003 | CEMS | ||
| 245 | 1 | 0 | |a Tiempos modernos y argentina hasta 1832 / |c Martha B. Etchart |
| 250 | |a 4a. ed. | ||
| 260 | |a Buenos Aires : |b Cesarini, |c 1983 | ||
| 300 | |a 446 p. | ||
| 505 | 0 | |a El surgimiento del mundo nuevo -- Predominio español -- Fin de la hegemonía española -- América en el siglo XVIII -- Acción revolucionaria en América -- La independencia hispanoamericana -- Autonomías provinciales y unidad nacional -- Cuadros comparativos | |
| 100 | 1 | |a Etchart, Martha B. | |
| 082 | 0 | 4 | |a 940.2 |
| 653 | |a Historia | ||
| 653 | |a Historia de américa | ||
| 653 | |a Historia argentina | ||
| 859 | |a CEMS |b BIB. CEMS - 11 de abril |h 940.2 |i Et18-1a4 |p 13486.85 |t Ej.1 | ||
| 859 | |a CEMS |b BIB. CEMS - Agricultura |h 940.2 |i Et18-1a4 |p A17891.94 |t Ej.1 | ||
| 859 | |a CEMS |b BIB. CEMS - 11 de abril |h 940.2 |i Et18-1a4 |p 13628.85 |t Ej.2 | ||
| 859 | |a CEMS |b BIB. CEMS - 11 de abril |h 940.2 |i Et18-1a4 |p 13629.85 |t Ej.3 | ||
| 859 | |a CEMS |b BIB. CEMS - 11 de abril |h 940.2 |i Et18-1a4 |p 13630.85 |t Ej.4 | ||
| 859 | |a CEMS |b BIB. CEMS - 11 de abril |h 940.2 |i Et18-1a4 |p 13631.85 |t Ej.5 | ||
| 859 | |a CEMS |b BIB. CEMS - 11 de abril |h 940.2 |i Et18-1a4 |p 13632.85 |t Ej.6 | ||
| 859 | |a CEMS |b BIB. CEMS - 11 de abril |h 940.2 |i Et18-1a4 |p 14048.86 |t Ej.8 | ||
| 859 | |a CEMS |b BIB. CEMS - 11 de abril |h 940.2 |i Et18-1a4 |p 14049.86 |t Ej.9 | ||
| 859 | |a CEMS |b BIB. CEMS - 11 de abril |h 940.2 |i Et18-1a4 |p 14050.86 |t Ej.10 | ||
| 859 | |a CEMS |b BIB. CEMS - 11 de abril |h 940.2 |i Et18-1a4 |p 14051.86 |t Ej.11 | ||
| 859 | |a CEMS |b BIB. CEMS - 11 de abril |h 940.2 |i Et18-1a4 |p 16703.92 |t Ej.12 | ||
